000 00256nam a2200109Ia 4500
008 220216s9999 xx 000 0 und d
100 _aMarattukalam J G
245 0 _aRubber from deserts
260 _bRubber Reporter
_c1983
300 _a59-61
942 _cJS
999 _c67610
_d67610